Plant biotechnology and biodiversity conservation (Record no. 17306)
[ view plain ]
| 000 -LEADER | |
|---|---|
| fixed length control field | 00472nam a22001937a 4500 |
| 003 - CONTROL NUMBER IDENTIFIER | |
| control field | OSt |
| 005 - DATE AND TIME OF LATEST TRANSACTION | |
| control field | 20170105103507.0 |
| 008 - FIXED-LENGTH DATA ELEMENTS--GENERAL INFORMATION | |
| fixed length control field | 150414t xxu||||| |||| 00| 0 eng d |
| 020 ## - INTERNATIONAL STANDARD BOOK NUMBER | |
| International Standard Book Number | 81-7754-168-4 |
| 040 ## - CATALOGING SOURCE | |
| Transcribing agency | ASAB |
| 082 ## - DEWEY DECIMAL CLASSIFICATION NUMBER | |
| Classification number | 660 SHA |
| 100 ## - MAIN ENTRY--PERSONAL NAME | |
| Personal name | U. Kumar |
| 9 (RLIN) | 969 |
| 240 ## - UNIFORM TITLE | |
| Uniform title | Studies in biotechnology series |
| 245 ## - TITLE STATEMENT | |
| Title | Plant biotechnology and biodiversity conservation |
| 250 ## - EDITION STATEMENT | |
| Edition statement | no.6 |
| 260 ## - PUBLICATION, DISTRIBUTION, ETC. | |
| Place of publication, distribution, etc. | india |
| Name of publisher, distributor, etc. | Agrobios |
| Date of publication, distribution, etc. | 2008 |
| 300 ## - PHYSICAL DESCRIPTION | |
| Extent | 374 |
| 942 ## - ADDED ENTRY ELEMENTS (KOHA) | |
| Source of classification or shelving scheme | |
| Koha item type | Book |
| Withdrawn status | Lost status | Source of classification or shelving scheme | Damaged status | Not for loan | Permanent Location | Current Location | Date acquired | Total Checkouts | Full call number | Barcode | Date last seen | Price effective from | Koha item type |
|---|---|---|---|---|---|---|---|---|---|---|---|---|---|
| Atta-ur-Rahman School of Applied Biosciences (ASAB) | Atta-ur-Rahman School of Applied Biosciences (ASAB) | 09/02/2015 | 660 KUR | ASAB2097 | 09/02/2015 | 09/02/2015 | Book |
